header

Strategic management of services in the Arab Gulf states (Record no. 109891)

MARC details
000 -LEADER
fixed length control field 01372nam a2200325Ia 4500
100 1# - MAIN ENTRY--AUTHOR NAME
Personal name Kassem, M. Sami,
245 10 - TITLE STATEMENT
Title Strategic management of services in the Arab Gulf states
260 ## - PUBLICATION, DISTRIBUTION, ETC. (IMPRINT)
Place of publication Berlin ;
-- New York :
Name of publisher W. de Gruyter,
Year of publication 1989.
300 ## - PHYSICAL DESCRIPTION
Number of Pages xxi, 480 p. :
Other physical details ill.
650 #0 - SUBJECT ADDED ENTRY--TOPICAL TERM
Topical Term Service industries
Topical Term Industries
700 1# - ADDED ENTRY--PERSONAL NAME
Personal name Habib, Ghazi M.,
856 40 - ELECTRONIC LOCATION AND ACCESS
Uniform Resource Identifier http://site.ebrary.com/lib/rucke/Doc?id=10599400

No items available.

© 2026 Rongo University
Contact us: librarian | system librarian | Rongo university